00885nam a22002417a 450000500170000001000130001702000240003003500130005403700160006704000120008308200180009510000240011324500830013726000470022027000450026730000330031265000250034565000390037070000250040994200270043499900190046195201630048020170124110004.0 aA-644638 c00.00a818597242727 aA-644638 bCen Lib/Ret aDPLbEN a363.3492bNAY aNayak, P. K.916502 aKalahandi :cby P. K. Nayak [and] Anil Mahajanbhuman encounter with drought / aNew DelhibReliance Publishing Housec1993 a3026/7H, Ranjit NagarbNew Delhie110008 axxii,151p. :b21cm(Hb)cill. aSocial history97270 aIndia--Kalahandi (District)916503 aMahajan, Anil916504 2ddccENh363.3492mNAY c126074d126074 04104070aLbLd2015-06-24eCen Lib/Retg0.00l0o363.3492 NAYpA-644638r2015-06-24 00:00:00t1v0.00w2015-06-24yENzW/d List No. 6869/8 ; dtd 11/08/2020